<?xml version="1.0" encoding="UTF-8"?><?xml-stylesheet type="text/xsl" href="static/style.xsl"?><OAI-PMH xmlns="http://www.openarchives.org/OAI/2.0/" xmlns:xsi="http://www.w3.org/2001/XMLSchema-instance" xsi:schemaLocation="http://www.openarchives.org/OAI/2.0/ http://www.openarchives.org/OAI/2.0/OAI-PMH.xsd"><responseDate>2026-04-30T10:05:15Z</responseDate><request verb="GetRecord" identifier="oai:uvadoc.uva.es:10324/62850" metadataPrefix="marc">https://uvadoc.uva.es/oai/request</request><GetRecord><record><header><identifier>oai:uvadoc.uva.es:10324/62850</identifier><datestamp>2024-10-15T06:15:58Z</datestamp><setSpec>com_10324_38</setSpec><setSpec>col_10324_787</setSpec></header><metadata><record xmlns="http://www.loc.gov/MARC21/slim" xmlns:doc="http://www.lyncode.com/xoai" xmlns:xsi="http://www.w3.org/2001/XMLSchema-instance" xmlns:dcterms="http://purl.org/dc/terms/" xsi:schemaLocation="http://www.loc.gov/MARC21/slim http://www.loc.gov/standards/marcxml/schema/MARC21slim.xsd">
<leader>00925njm 22002777a 4500</leader>
<datafield tag="042" ind1=" " ind2=" ">
<subfield code="a">dc</subfield>
</datafield>
<datafield tag="720" ind1=" " ind2=" ">
<subfield code="a">Martinez Cano, Andrea Pierina</subfield>
<subfield code="e">author</subfield>
</datafield>
<datafield tag="260" ind1=" " ind2=" ">
<subfield code="c">2023</subfield>
</datafield>
<datafield tag="520" ind1=" " ind2=" ">
<subfield code="a">En el presente Trabajo de Fin de Máster analizamos la relación entre las características personales de los CEOs (edad, género, formación, antigüedad y procedencia) y la asunción del riesgo corporativo. El estudio se basa en una muestra de 107 cotizadas en el mercado continuo de la Bolsa española durante el periodo de 2018 a 2021. El contraste de medias y medianas indica la existencia de una relación negativa entre la edad de los CEOs y el riesgo asumido. También obtenemos que las mujeres directivas tienen una mayor propensión a la asunción del riesgo en comparación a los CEOs hombres. Nuestros resultados sugieren que los CEOs que cuentan con un título de MBA o con estudios técnicos (en contraposición con estudios de economía y administración de empresas) son más propensos al riesgo que sus homólogos. Asimismo, los CEOs con mayor antigüedad (tanto en el cargo de CEO como experiencia dentro de la empresa) tienden a tomar decisiones corporativas más conservadoras. También analizamos la procedencia del CEO y se obtuvo que los CEOs seleccionados por promoción interna tienden a ser más conservadores que los CEOs seleccionados de forma externa.</subfield>
</datafield>
<datafield tag="024" ind2=" " ind1="8">
<subfield code="a">https://uvadoc.uva.es/handle/10324/62850</subfield>
</datafield>
<datafield ind1=" " ind2=" " tag="653">
<subfield code="a">Dirigentes de empresa - España</subfield>
</datafield>
<datafield tag="245" ind1="0" ind2="0">
<subfield code="a">Influencia de las características personales del CEO sobre la asunción del riesgo corporativo</subfield>
</datafield>
</record></metadata></record></GetRecord></OAI-PMH>